000 01415cam a22003135a 4500
001 L159344
008 160915s2016 xxk f 001 0 eng d
020 _a9780080971315
035 _a(Sirsi) u159344
041 0 _aeng
050 0 4 _a690.2 $2 18
100 1 _aSanto, Philip
245 0 0 _aInspections and reports on dwellings
_binspecting
250 _a2 ed
260 _aLondon
_bRoutledge
_c2016
300 _a540p
_bill, tables
_c25cm
490 0 _aInspections and reports on dwellings
520 _aOne of a series of three books dealing with independent professional inspections and reports on dwellings. Deals with aspects of inspecting including factors affecting the exterior and the interior of buildings and services plus, the surroundings including garages, conservatories and outbuildings and gardens and boundaries. Concludes with an overview of risks and legal matters. Explains the three levels of home surveys available: Level 1 RICS Condition Report, Level 2 RICS HomeBuyer Report and Level 3 RICS Building Survey.
520 _aSupersedes 1st ed ISBN 0728204487
650 2 4 _aINSPECTIONS
650 2 4 _aHOME SURVEYS
650 2 4 _aCONDITION REPORT
650 2 4 _aHOMEBUYER REPORT (SURVEY) 2016
650 2 4 _aHOMEBUYER REPORT (SURVEY AND VALUATION) 2016
650 2 4 _aBUILDING SURVEY
651 4 _aEngland and Wales
_y1543-
690 _aSurvey reports
_96270
942 _n0
999 _c115820
_d115820